Trophée Kopa 2024 - Statistiques

Statistiques générales
  • Ce quiz a été pris 27 fois
  • Le résultat moyen est 4 sur 10
Statistiques - réponses
Année Vainqueurs Club Points % Correct
1 Lamine Yamal FC Barcelone 113
100%
2 Arda Güler Real Madrid 26
50%
5 Pau Cubarsí FC Barcelone 8
50%
6 João Neves Benfica Lisbonne 6
38%
Warren Zaïre-Emery Paris Saint-Germain 3
33%
3 Kobbie Mainoo Manchester United 20
29%
4 Savinho Girona FC 19
29%
Alejandro Garnacho Manchester United 6
21%
8 Mathys Tel Bayern Munich 3
4%
Karim Konaté RB Salzburg 3
0%
Aucun quiz correspondant
Distribution des résultats
% des personnes avec chaque résultat
Percentile par nombre de réponses
Votre historique - résultats
Vous n’avez pas pris ce quiz